ciekawostki o geografii - Statystyki

Ogólne statystyki
  • Ten quiz został rozwiązany 93 razy
  • Średni wynik to 5 z 15
Statystyki odpowiedzi
pytanie państwo % Poprawnych
Jaki jest 2 największy kraj na świecie Kanada
83%
Przez ile państw przepływa Dunaj (liczba) 10
78%
Jaki jest najbardziej zalesiony kraj w europie Finlandia
77%
Jaka jest największa wyspa świata (nie licząc kontynentów) Grenlandia
77%
W jakim kraju jest więcej koni niż ludzi Mongolia
51%
Jaka jest najwyżej położona stolica europejska Andora
33%
Jakie miasto pierwsze przekroczyło 1 milion mieszkańców Pekin
33%
Kraj gdzie większość kraju zajmuje puatynia (99%) Libia
28%
W jakim kraju średnia wieku jest najmniejsza Niger
19%
Jaki kraj jest 8,5 razy większy od Polski Kazachstan
16%
Najmniej pokojowy kraj Somalia
12%
Kraj produkujący najwięcej opium Afganistan
10%
Najmniej religijny kraj na świecie Estonia
10%
W jakim stanie w USA odnotowuje się średmio 52 tornada rocznie Oklahoma
7%
Kraj z największą liczbą obywateli za granicą Malta
0%
Nie znaleziono quizów pasujących do podanych kryteriów
Rozkład punktacji
Procent ludzi z każdym wynikiem
Percentyl według liczby udzielonych odpowiedzi
Twoja historia wyników
Nie rozwiązałeś tego quizu